000
00285nam a2200109 a 4500
001
4140
005
20140414131946.0
008
090218s19uu xx 00 eng d
050
_a
TR 372.46
_b
G78 2004
245
_a
Let's read with Pat and Bat :
_b
pull and learn phonics.
999
_c
112685
_d
112685